| 000 | 01459nam a2200277Ia 4500 | ||
|---|---|---|---|
| 999 |
_c55175 _d55175 |
||
| 001 | 22250 | ||
| 003 | GE_BSU | ||
| 005 | 20230124160722.0 | ||
| 008 | 181216s2010||||ge |||||||||||||| ||geo|| | ||
| 020 | _a9994023950 | ||
| 040 | _cGE_BSU | ||
| 041 | _ageo | ||
| 080 | _a008(09) კ-89 | ||
| 245 |
_aკულტურის ისტორიისა და თეორიის საკითხები XXVI : _bაღმოსავლური კრებული / _cმთ. რედ. გ. ლორთქიფანიძე ; ტომის რედ. მარიკა მშვილდაძე. |
||
| 264 |
_aთბილისი : _bთბილ. უნ-ტის გამ-ბა, _c2010. |
||
| 300 |
_a158 გვ. ; _c22 სმ. |
||
| 504 | _aბიბლიოგრაფია ტექსტების ბოლოს | ||
| 520 | _aპარალელური სათაური ინგლისურ ენაზე | ||
| 541 | _h10ლ. 20თ. | ||
| 653 | _aკულტურა | ||
| 653 | _aცივილიზაცია | ||
| 653 | _aკულტურის ისტორიისა და თეორიის საკითხები XXVI | ||
| 700 |
_aლორთქიფანიძე, გ. _eმთავარი რედაქტორი _91484 |
||
| 700 |
_aმშვილდაძე, მარიკა _eტომის რედაქტორი _915413 |
||
| 942 |
_cBK _2udc |
||